Kannada vishvavidyalaya vishvakosha: 3 Dharma (Record no. 103770)
[ view plain ]
| 000 -LEADER | |
|---|---|
| fixed length control field | 00688nam a2200205Ia 4500 |
| 003 - CONTROL NUMBER IDENTIFIER | |
| control field | OSt |
| 005 - DATE AND TIME OF LATEST TRANSACTION | |
| control field | 20250728102924.0 |
| 008 - FIXED-LENGTH DATA ELEMENTS--GENERAL INFORMATION | |
| fixed length control field | 210210b2000 xxu||||| |||| 00| 0 eng d |
| 040 ## - CATALOGING SOURCE | |
| Transcribing agency | AL |
| 041 ## - LANGUAGE CODE | |
| Language code of text/sound track or separate title | Kannada |
| 082 ## - DEWEY DECIMAL CLASSIFICATION NUMBER | |
| Classification number | 039.4K KANN |
| 100 ## - MAIN ENTRY--PERSONAL NAME | |
| Personal name | KANNADA VISHVAVIDYALAYA |
| 9 (RLIN) | 87592 |
| Dates associated with a name | ಕನ್ನಡ ವಿಶ್ವವಿದ್ಯಾಲಯ |
| 245 ## - TITLE STATEMENT | |
| Title | Kannada vishvavidyalaya vishvakosha: 3 Dharma |
| Remainder of title | ಕನ್ನಡ ವಿಶ್ವವಿದ್ಯಾಲಯ ವಿಶ್ವಕೋಶ : ೩ ಧರ್ಮ |
| 260 ## - PUBLICATION, DISTRIBUTION, ETC. | |
| Place of publication, distribution, etc. | Hampi |
| Name of publisher, distributor, etc. | Prasaranga Kannada Vishvavidyalaya |
| Date of publication, distribution, etc. | 2000 |
| 300 ## - PHYSICAL DESCRIPTION | |
| Extent | v,520 |
| 440 ## - SERIES STATEMENT/ADDED ENTRY--TITLE | |
| Title | 3 |
| 9 (RLIN) | 87593 |
| 690 ## - LOCAL SUBJECT ADDED ENTRY--TOPICAL TERM (OCLC, RLIN) | |
| Topical term or geographic name as entry element | Encyclopaedia |
| 9 (RLIN) | 87594 |
| 906 ## - LOCAL DATA ELEMENT F, LDF (RLIN) | |
| a | 056231 |
| 942 ## - ADDED ENTRY ELEMENTS (KOHA) | |
| Source of classification or shelving scheme | Dewey Decimal Classification |
| Koha item type | Book |
| Withdrawn status | Lost status | Source of classification or shelving scheme | Damaged status | Not for loan | Collection code | Home library | Current library | Date acquired | Source of acquisition | Cost, normal purchase price | Total Checkouts | Full call number | Barcode | Date last seen | Price effective from | Koha item type |
|---|---|---|---|---|---|---|---|---|---|---|---|---|---|---|---|---|
| Dewey Decimal Classification | Reference Book | Kannada | St Aloysius Library | St Aloysius Library | 02/17/2021 | Navakarnataka Publication Pvt Ltd., Mangalore. | 300.00 | 039.4K KANN | 056231 | 02/17/2021 | 02/17/2021 | Book |